Normal view
MARC view
Entry Personal Name
001 - CONTROL NUMBER
- control field: 25973
003 - CONTROL NUMBER IDENTIFIER
- control field: ARRUPE
005 - DATE AND TIME OF LATEST TRANSACTION
- control field: 20160920115356.0
008 - FIXED-LENGTH DATA ELEMENTS
- fixed length control field: 160920|| aca||aabn | a|a d
040 ## - CATALOGING SOURCE
- Original cataloging agency: ARRUPE
- Transcribing agency: ARRUPE
100 ## - HEADING--PERSONAL NAME
- Personal name: Macgregor, J. C.
- Fuller form of name: (James Comyn)
- Relator term: tr.
670 ## - SOURCE DATA FOUND
- Source citation: Work cat.: (ARRUPE)0: Ellenberger, D. Fred. 25970, History of the Basuto, 1912.